Quiz sul Tennis - Statistics

Statistiche generali
  • Questo quiz è stato fatto 40 volte
  • Il punteggio medio è 8 su 15
Statistiche sulle risposte
Domanda Risposta % Corretto
Quanti game servono (minimo) per vincere un set a tennis (senza tie-break)? 6
100%
In quale torneo si gioca su terra rossa tra questi? Roland Garros
100%
Quale tennista ha vinto il maggior numero di titoli del Grande Slam in singolare maschile? Novak Djokovic
97%
Se la palla tocca la riga nel tennis, è considerata: Dentro
95%
Quale di questi tornei è un Masters 1000? Monte-Carlo
92%
Dopo il primo punto del tie-break, ogni quanti punti cambia il servizio? Ogni 2 punti
92%
Chi ha vinto più ATP Tour Masters 1000 di fila? Jannik Sinner
71%
Chi ha vinto un titolo subendo il minor numero di break? (solo 1) Jannik Sinner
63%
Chi è il giocatore più giovane ad aver vinto un titolo Slam? Michael Chang
29%
Chi detiene il record di settimane consecutive da numero uno della classifica ATP? Roger Federer
26%
Qual è la durata massima teorica di un set con regole standard? infiniti game
24%
Chi è il giocatore che è stato per più settimane in top 10, 20, 50 e 100 (Ranking ATP) Roger Federer
24%
Chi riuscì a conquistare il Grande Slam d'Oro? Steffi Graf
21%
Chi ha vinto più titoli del Grande Slam femminile? Margaret Court
8%
Più partite vinte consecutivamente nello stesso torneo dello Slam Björn Borg
5%
Nessun quiz corrispondente trovato
Distribuzione punteggi
Percentuale di utenti per punteggio
Percentile per numero di risposta
I tuoi punteggi nel tempo
Non hai fatto questo quiz